Catálogo
 En Linea

Gobierno de Concentración Nacional: (Registro nro. 56776)

Detalles MARC
000 -CABECERA
campo de control de longitud fija 01680nam a2200265 i 4500
003 - IDENTIFICADOR DEL NÚMERO DE CONTROL
campo de control DO-SdBNP
005 - FECHA Y HORA DE LA ÚLTIMA TRANSACCIÓN
campo de control 20240604142143.0
006 - CÓDIGOS DE INFORMACIÓN DE LONGITUD FIJA--CARACTERÍSTICAS DEL MATERIAL ADICIONAL
campo de control de longitud fija a||||gr|||| 00| 0
007 - CAMPO FIJO DE DESCRIPCIÓN FÍSICA--INFORMACIÓN GENERAL
campo de control de longitud fija ta
008 - DATOS DE LONGITUD FIJA--INFORMACIÓN GENERAL
campo de control de longitud fija 240529m19821986dr ||||| |||| 00| 0 spa d
040 ## - FUENTE DE LA CATALOGACIÓN
Centro catalogador/agencia de origen DO-SdBNP
Lengua de catalogación spa
Centro/agencia transcriptor BNPHU
Normas de descripción rda
082 #4 - NÚMERO DE LA CLASIFICACIÓN DECIMAL DEWEY
Número de edición 22
Número de documento/Ítem J826g
100 1# - ENTRADA PRINCIPAL--NOMBRE DE PERSONA
Nombre de persona Jorge Blanco, Salvador,
Fechas asociadas al nombre 1926-2000
9 (RLIN) 45829
Término indicativo de función/relación autor
245 10 - MENCIÓN DE TÍTULO
Título Gobierno de Concentración Nacional:
Resto del título programa de gobierno /
Mención de responsabilidad, etc. Salvador Jorge blanco.
264 ## - PRODUCCIÓN, PUBLICACIÓN, DISTRIBUCIÓN, FABRICACIÓN Y COPYRIGHT
Producción, publicación, distribución, fabricación y copyright [Santo Domingo] :
Nombre del de productor, editor, distribuidor, fabricante [no identificado],
Fecha de producción, publicación, distribución, fabricación o copyright [1882 - 1986]
300 ## - DESCRIPCIÓN FÍSICA
Extensión 77 páginas :
Otras características físicas ilustraciones, retrato ;
Dimensiones 29 cm.
336 ## - TIPO DE CONTENIDO
Fuente rdacontent
Término de tipo de contenido texto
Código de tipo de contenido txt
337 ## - TIPO DE MEDIO
Fuente rdamedia
Nombre/término del tipo de medio sin mediación
Código del tipo de medio n
338 ## - TIPO DE SOPORTE
Fuente rdacarrier
Nombre/término del tipo de soporte volumen
Código del tipo de soporte nc
500 ## - NOTA GENERAL
Nota general Salvador Jorge Blanco, Presidente 82-86. Partido Revolucionario Dominicano.
505 ## - NOTA DE CONTENIDO CON FORMATO
Nota de contenido con formato Fundamento del programa.-- El Principio de la No-reelección.
Información miscelánea Capítulo I.
Título De la Organización del Estado.--
Información miscelánea Capítulo II.
Título De los Sectores Productivos Intertnos.--
Información miscelánea Capítulo III.
Título De los Servicios Sociales.--
Información miscelánea Capítulo VI.
Título De las Relaciones Laborales.--
Información miscelánea Capítulo V.
Título Transporte y Comunicaciones.--
Información miscelánea Capítulo VI.
Título De la Construcción.--
Información miscelánea Capítulo VII.
Título De las Relaciones Internacionales.--
Información miscelánea Capítulo VIII.
Título De la Administración de la Justicia.--
Información miscelánea Capítulo IX.
Título Política de Empleo.--
Información miscelánea Capítulo X.
Título Política para el Control de la Inflacción.--
Información miscelánea Capítulo XI.
Título De las Fuerzas Armadas y la Policía Nacional.--
Información miscelánea Capítulo XII.
Título De la Moral Pública.--
Información miscelánea Capítulo XIII.
Título Las Medidas Salvadoras.
590 ## - NOTA LOCAL (RLIN)
Nota local Inventariado 2024 / MF
600 10 - PUNTO DE ACCESO ADICIONAL DE MATERIA--NOMBRE DE PERSONA
Nombre de persona Jorge Blanco, Salvador,
Fechas asociadas al nombre 1926-2010
9 (RLIN) 30551
Título de la obra Programa de Gobierno
Subdivisión geográfica República Dominicana
942 ## - ELEMENTOS DE PUNTO DE ACCESO ADICIONAL (KOHA)
Fuente del sistema de clasificación o colocación Dewey Decimal Classification
Tipo de ítem Koha Libro
Existencias
Estado de retiro Estado de pérdida Fuente del sistema de clasificación o colocación Restricciones de uso No para préstamo Código de colección Localización permanente Ubicación/localización actual Ubicación en estantería Fecha de adquisición Fuente de adquisición Total de préstamos Signatura topográfica completa Código de barras Fecha visto por última vez Precio válido a partir de Tipo de ítem Koha
    Dewey Decimal Classification Excluido de préstamo   Patrimonio Dominicano Biblioteca Nacional Pedro Henríquez Ureña Biblioteca Nacional Pedro Henríquez Ureña En catalogación 19.05.2022 Donado por Ubi Rivas   J826g 2024-3221 29.05.2024 29.05.2024 Libro

Con tecnología Koha